A carregar...

Ashadh ka ek din

Detalhes bibliográficos
Autor principal: Mohan Rakesh
Formato: Printed Book
Publicado em: New Delhi, Rajpal & Sons 1983
Assuntos:
LEADER 004580000a22001570004500
040 |a HINDI 
082 |a 891.432 MOH/A M3;4 
100 |a Mohan Rakesh 
245 |a Ashadh ka ek din 
260 |a New Delhi, Rajpal & Sons 
260 |c 1983 
465 |a R 4 
650 |a Drama 
650 |a Hindi 
999 |c 18901  |d 18901 
952 |0 0  |1 0  |4 0  |6 891_432000000000000_MOHA_M34  |7 0  |8 HINDI  |9 18714  |a MGUL  |b MGUL  |d 2013-07-16  |e R 4  |l 0  |o 891.432 MOH/A M3;4  |p 20359  |r 2013-07-16  |w 2013-07-16  |y BK